UBT Library

The biology of fructans : (Record no. 42733)

000 -LEADER
fixed length control field 00916cam a2200265 a 4500
001 - CONTROL NUMBER
control field 1629629
005 - DATE AND TIME OF LATEST TRANSACTION
control field 20180216034002.0
008 - FIXED-LENGTH DATA ELEMENTS--GENERAL INFORMATION
fixed length control field 950328s1993 enka b 101 0 eng d
010 ## - LIBRARY OF CONGRESS CONTROL NUMBER
LC control number 95232664
015 ## - NATIONAL BIBLIOGRAPHY NUMBER
National bibliography number GB95-31759
020 ## - INTERNATIONAL STANDARD BOOK NUMBER
International Standard Book Number 0521476216 (pbk)
035 ## - SYSTEM CONTROL NUMBER
System control number (OCoLC)32388560
040 ## - CATALOGING SOURCE
Original cataloging agency Uk
Transcribing agency Uk
Modifying agency IDeKN
-- DLC
041 ## - LANGUAGE CODE
Language code of text/sound track or separate title eng
042 ## - AUTHENTICATION CODE
Authentication code lccopycat
080 ## - UNIVERSAL DECIMAL CLASSIFICATION NUMBER
Universal Decimal Classification number 574.192482 het
082 00 - DEWEY DECIMAL CLASSIFICATION NUMBER
Classification number 574.192482 het
Edition number 20
100 ## - Rafti
Rafti 9
101 ## - Shkurtesa
Shkurtesa nut
245 14 - TITLE STATEMENT
Title The biology of fructans :
Statement of responsibility, etc edited by J. F. Farrar and C. J. Pollock.
504 ## - BIBLIOGRAPHY, ETC. NOTE
Bibliography, etc Includes bibliographical references and indexes.
906 ## - LOCAL DATA ELEMENT F, LDF (RLIN)
a 7
b cbc
c copycat
d 2
e ncip
f 19
g y-gencatlg
942 ## - ADDED ENTRY ELEMENTS (KOHA)
Source of classification or shelving scheme
Item type Books
Holdings
Withdrawn status Lost status Source of classification or shelving scheme Damaged status Not for loan Collection code Permanent location Current location Shelving location Date acquired Total Checkouts Full call number Barcode Date last seen Price effective from Koha item type
          Koleksioni i përgjithshem UBT - Lipjan UBT - Lipjan Koleksioni i përgjithshem 02/16/2018   574.192482 het 002-2997287 02/16/2018 02/16/2018 Books
UBT Library © 2015-2024. All rights reserved University Education for Business and Technology